मीडिया और संवाद / (Record no. 25557)

MARC details
000 -LEADER
fixed length control field 01197nam a22002537a 4500
005 - DATE AND TIME OF LATEST TRANSACTION
control field 20090327142349.0
008 - FIXED-LENGTH DATA ELEMENTS--GENERAL INFORMATION
fixed length control field 090327t xxu||||| |||| 00| 0 hin d
010 ## - LCCN (DPL NO)
LC control number HIN-86401
020 ## - INTERNATIONAL STANDARD BOOK NUMBER
International Standard Book Number 978818997199
Terms of availability 495.00
035 ## - SYSTEM CONTROL NUMBER
System control number HN-58747
037 ## - SOURCE OF ACQUISITION
Source of stock number/acquisition DBAD / PUB
040 ## - CATALOGING SOURCE
Original cataloging agency dpl
Language of cataloging hn
082 ## - DEWEY DECIMAL CLASSIFICATION NUMBER
Classification number 808.88
100 ## - MAIN ENTRY--PERSONAL NAME
Personal name विक्रम, एस.
245 ## - TITLE STATEMENT
Title मीडिया और संवाद /
Statement of responsibility, etc एस.विक्रम
246 ## - VARYING FORM OF TITLE
Title proper/short title Media aura samvaada
Remainder of title by S. Vikram
260 ## - PUBLICATION, DISTRIBUTION, ETC. (IMPRINT)
Place of publication, distribution, etc दिल्ली
Name of publisher, distributor, etc श्री नटराज प्रकाशन
Date of publication, distribution, etc 2008
270 ## - ADDRESS
Address ए-507/12, करतार नगर, बाबा श्याम गिरी मार्ग , साउथ गामड़ी(एक्स.)
City दिल्ली
Postal code 110053
300 ## - PHYSICAL DESCRIPTION
Extent 288 पृ.
Dimensions 22 सेमी (सजिल्द)
650 ## - SUBJECT ADDED ENTRY--TOPICAL TERM
Topical term or geographic name as entry element लेख
General subdivision संग्रह
650 ## - SUBJECT ADDED ENTRY--TOPICAL TERM
Topical term or geographic name as entry element Articles
General subdivision Collection
942 ## - ADDED ENTRY ELEMENTS (KOHA)
Source of classification or shelving scheme Dewey Decimal Classification
Item type Hindi Books
Classification part 808.88
Call number suffix विक्रम
Holdings
Withdrawn status Lost status Source of classification or shelving scheme Damaged status Not for loan Collection code Home library Current library Date acquired Source of acquisition Cost, normal purchase price Total Checkouts Full call number Barcode Date last seen Copy number Cost, replacement price Koha item type
    Dewey Decimal Classification     Non-fiction D.B.Act.Division D.B.Act.Division 27/03/2009 DBAD / PUB 495.00   808.88 विक्रम HN-58747 27/03/2009 1 495.00 Hindi Books

© Delhi Public Library
Hit Counter
free hit counter